<?xml version="1.0" encoding="UTF-8"?>
<record
    xmlns:xsi="http://www.w3.org/2001/XMLSchema-instance"
    xsi:schemaLocation="http://www.loc.gov/MARC21/slim http://www.loc.gov/standards/marcxml/schema/MARC21slim.xsd"
    xmlns="http://www.loc.gov/MARC21/slim">

  <leader>01355cam a22002891  4500</leader>
  <controlfield tag="001">ne 68002226 </controlfield>
  <controlfield tag="003">DLC</controlfield>
  <controlfield tag="005">20260227111843.0</controlfield>
  <controlfield tag="008">890402m19619999ir       b    001 0 per  </controlfield>
  <datafield tag="010" ind1=" " ind2=" ">
    <subfield code="a">ne 68002226 </subfield>
  </datafield>
  <datafield tag="035" ind1=" " ind2=" ">
    <subfield code="a">(OCoLC)23554733</subfield>
  </datafield>
  <datafield tag="040" ind1=" " ind2=" ">
    <subfield code="a">DLC</subfield>
    <subfield code="c">MiU</subfield>
    <subfield code="d">DLC</subfield>
  </datafield>
  <datafield tag="043" ind1=" " ind2=" ">
    <subfield code="a">aw-----</subfield>
    <subfield code="a">ff-----</subfield>
    <subfield code="a">e-sp---</subfield>
  </datafield>
  <datafield tag="050" ind1="0" ind2="0">
    <subfield code="a">DS38.2</subfield>
    <subfield code="b">.F37 1961</subfield>
  </datafield>
  <datafield tag="066" ind1=" " ind2=" ">
    <subfield code="c">(3</subfield>
    <subfield code="c">(4</subfield>
  </datafield>
  <datafield tag="100" ind1="1" ind2=" ">
    <subfield code="6">880-01</subfield>
    <subfield code="a">Fa&#x1E63;&#x12B;&#x1E25; Khv&#x101;f&#x12B;, Fa&#x1E63;&#x12B;&#x1E25; al-D&#x12B;n A&#x1E25;mad,</subfield>
    <subfield code="d">1375-</subfield>
  </datafield>
  <datafield tag="245" ind1="1" ind2="0">
    <subfield code="6">880-02</subfield>
    <subfield code="a">Mujmal-i Fa&#x1E63;&#x12B;&#x1E25;&#x12B; /</subfield>
    <subfield code="c">mu&#x2BC;allif Fa&#x1E63;&#x12B;h A&#x1E25;mad ibn Jal&#x101;l al-D&#x12B;n Mu&#x1E25;ammad Khv&#x101;f&#x12B; ; bi ta&#x1E63;&#x2B9;&#x1E25;&#x12B;&#x1E25; va ta&#x1E25;sh&#x12B;yah-i Ma&#x1E25;m&#x16B;d Farrukh.</subfield>
  </datafield>
  <datafield tag="260" ind1=" " ind2=" ">
    <subfield code="6">880-03</subfield>
    <subfield code="a">Mashhad :</subfield>
    <subfield code="b">Kit&#x101;bfur&#x16B;sh&#x12B;-i B&#x101;st&#x101;n,</subfield>
    <subfield code="c">1339-&lt;1340&gt; [1961-&lt;1962 or 1963&gt;</subfield>
  </datafield>
  <datafield tag="300" ind1=" " ind2=" ">
    <subfield code="a">v. &lt;1-2   &gt; ;</subfield>
    <subfield code="c">25 cm.</subfield>
  </datafield>
  <datafield tag="504" ind1=" " ind2=" ">
    <subfield code="a">Includes bibliographical references (v. 1, p. 416) and indexes.</subfield>
  </datafield>
  <datafield tag="651" ind1=" " ind2="0">
    <subfield code="a">Islamic Empire</subfield>
    <subfield code="x">History.</subfield>
  </datafield>
  <datafield tag="700" ind1="1" ind2=" ">
    <subfield code="6">880-05</subfield>
    <subfield code="a">Farrukh, Ma&#x1E25;m&#x16B;d.</subfield>
  </datafield>
  <datafield tag="880" ind1="1" ind2=" ">
    <subfield code="6">100-01/(3/r</subfield>
    <subfield code="a">&#x641;&#x635;&#x64A;&#x62D; &#x62E;&#x648;&#x627;&#x641;&#x649;&#x60C; &#x641;&#x635;&#x64A;&#x62D; &#x627;&#x644;&#x62F;&#x64A;&#x646; &#x627;&#x62D;&#x645;&#x62F;&#x60C;</subfield>
    <subfield code="d">&#x628;. &#x661;&#x663;&#x667;&#x665;.</subfield>
  </datafield>
  <datafield tag="880" ind1="1" ind2="0">
    <subfield code="6">245-02/(3/r</subfield>
    <subfield code="a">&#x645;&#x62C;&#x645;&#x644; &#x641;&#x635;&#x64A;&#x62D;&#x649; /</subfield>
    <subfield code="c">&#x645;&#x624;&#x644;&#x641; &#x641;&#x635;&#x64A;&#x647; &#x627;&#x62D;&#x645;&#x62F; &#x628;&#x646; &#x62C;&#x644;&#x627;&#x644; &#x627;&#x644;&#x62F;&#x64A;&#x646; &#x645;&#x62D;&#x645;&#x62F; &#x62E;&#x648;&#x627;&#x641;&#x649; &#x61B; &#x628; &#x62A;&#x635;&#x200C;&#x62D;&#x64A;&#x62D; &#x648; &#x62A;&#x62D;&#x634;&#x64A;&#x647; &#x645;&#x62D;&#x645;&#x648;&#x62F; &#x641;&#x631;&#x62E;.</subfield>
  </datafield>
  <datafield tag="880" ind1=" " ind2=" ">
    <subfield code="6">260-03/(3/r</subfield>
    <subfield code="a">&#x645;&#x634;&#x647;&#x62F; :</subfield>
    <subfield code="b">&#x6A9;&#x62A;&#x627;&#x628;&#x641;&#x631;&#x648;&#x634;&#x649; &#x628;&#x627;&#x633;&#x62A;&#x627;&#x646;&#x60C;</subfield>
    <subfield code="c">1339-&lt;1340&gt; [1961-&lt;1962 or 1963&gt;.</subfield>
  </datafield>
  <datafield tag="880" ind1="1" ind2=" ">
    <subfield code="6">700-05/(3/r</subfield>
    <subfield code="a">&#x641;&#x631;&#x62E;&#x60C; &#x645;&#x62D;&#x645;&#x648;&#x62F;.</subfield>
  </datafield>
  <datafield tag="999" ind1=" " ind2=" ">
    <subfield code="c">50475</subfield>
    <subfield code="d">50475</subfield>
  </datafield>
</record>
